| 000 | 01156nam a2200301 i 4500 | ||
|---|---|---|---|
| 001 | 000019802 | ||
| 003 | DO-SdBNP | ||
| 005 | 20240424113815.0 | ||
| 006 | a||||gr|||| 00| 0 | ||
| 007 | ta | ||
| 008 | 100707e2004 dr r 001 0 spa d | ||
| 040 |
_aDO-SdBNP _bspa _cBNPHU _erda |
||
| 082 | 4 |
_bG643r _222 |
|
| 100 | 1 |
_aGónzalez Canahuate, L. Almanzor, _d[1935-] _942280 _eautor |
|
| 245 | 1 | 0 |
_aRecopilación jurisprudencial integrada de las decisiones de la Suprema Corte de Justicia de la República Dominicana : _bprocedimiento civil y comercial, 1973-1981 / _cJuan Manuel Pellerano Gómez , prólogo |
| 264 | 1 |
_aSanto Domingo : _bEl País , _c1982 |
|
| 300 |
_axxi, 698 páginas ; _c22 cm. |
||
| 336 |
_2rdacontent _atexto _btxt |
||
| 337 |
_2rdamedia _asin mediación _bn |
||
| 338 |
_2rdacarrier _avolumen _bnc |
||
| 500 | 0 | _aIncluye datos biográficos del autor.- | |
| 500 | 0 | _aIncluye apéndice.- | |
| 500 | 0 | _aIncluye referencias bibliográficas y notas al pie de páginas.- | |
| 500 | 0 | _aContiene índice alfabético.- | |
| 590 | _aInventariado 2024 / MF | ||
| 700 |
_aPellerano Gómez , Juan Manuel , _eprólogo. _97065 |
||
| 942 |
_2ddc _cLFM |
||
| 999 |
_c19315 _d19315 |
||